000 00617nam a2200181Ia 4500
008 100920s9999 xx 000 0 und d
082 _b74812
_a150 थ 97
100 _aदिघे मधुकर.
245 _aभयगंड आणि न्यूनगंड.
260 _bअंजली पब्लिशिंग हाऊस, पुणे 30.
_c1997
300 _a28
_bसाधी
365 _b8
520 _aशाउ.
630 _aभयगंड आणि न्यूनगंड.
650 _aशाउ.
730 _aभयगंड आणि न्यूनगंड.
942 _cBOOK
999 _c716379
_d716376